| 000 | 00866nam a22002897a 4500 | ||
|---|---|---|---|
| 003 | CHAP | ||
| 005 | 20220329134612.0 | ||
| 008 | 971013s1957 r 00010 d | ||
| 010 | _a22886 | ||
| 011 | _a23858 | ||
| 035 | _a27955 | ||
| 040 | _cCHAP | ||
| 082 |
_a634.95 _bB73 |
||
| 100 | 0 | 0 |
_aBraathe, Peder. _914906 |
| 245 | _aThinnings in even-aged stands ; a summary of European literature | ||
| 260 |
_aNew Brunswick. Faculty of Forestry, _c1957 |
||
| 300 | _a92 p. | ||
| 504 | _aBibliografía. p 88-92. | ||
| 590 |
_aBATCH-UPD _b10 _c20130110 _lUCH01 _h0226 |
||
| 590 |
_aBATCH-UPD _b10 _c20130110 _lUCH01 _h1825 |
||
| 590 |
_aCONVERSION _b10 _c20130109 _lUCH01 _h1313 |
||
| 650 | 1 | 4 |
_aAclareos. _9615 |
| 650 | 1 | 4 |
_aCortas de mejoramiento. _928281 |
| 901 | _aBK | ||
| 942 | _cLIBRO | ||
| 949 |
_a634.95 B73 _bBC _cLIBRO _d33724000235107 _eLIBRO _h23749 _i27955 _si |
||
| 999 |
_c22886 _d22886 |
||